[Event "ICS rated blitz match"]
[Site "204.178.125.65"]
[Date "1999.11.28"]
[Round "?"]
[White "Hossa"]
[Black "inmichess"]
[Result "0-1"]
[WhiteElo "2402"]
[BlackElo "2491"]
[PlyCount "170"]
[EventDate "1999.??.??"]

1. d4 Nf6 2. c4 g6 3. Nc3 d5 4. cxd5 Nxd5 5. e4 Nxc3 6. bxc3 c5 7. Nf3 Bg7 8.
Bb5+ Bd7 9. Bxd7+ Qxd7 10. O-O cxd4 11. cxd4 Nc6 12. Be3 O-O 13. Rb1 Rfc8 14.
Qd2 a6 15. Rb6 Rc7 16. d5 Ne5 17. Nxe5 Bxe5 18. Bh6 Rac8 19. Rfb1 Qg4 20. Qe3
Rc3 21. h3 Rxe3 22. hxg4 Rxe4 23. Rxb7 Bd6 24. Ra7 Ra4 25. Ra1 f6 26. g3 Bc5
27. Rc1 Kf7 28. d6 Bxa7 29. Rxc8 Rxa2 30. d7 Bxf2+ 31. Kh1 Bb6 32. Rf8+ Ke6 33.
d8=Q Bxd8 34. Rxd8 g5 35. Rh8 Kf7 36. Rxh7+ Kg6 37. Rh8 Ra4 38. Bf8 Rxg4 39.
Kg2 e5 40. Bd6 a5 41. Rf8 Rc4 42. Be7 Rc6 43. Ra8 Rc2+ 44. Kf1 Rc1+ 45. Ke2
Rc2+ 46. Ke1 Rc3 47. Ra6 Rf3 48. Rxa5 Rxg3 49. Ra6 Rf3 50. Ke2 g4 51. Bd6 e4
52. Ra8 f5 53. Ra6 Kg5 54. Ra8 f4 55. Be7+ Kh6 56. Ra6+ Kg7 57. Bc5 Kf7 58.
Ra7+ Ke6 59. Bf8 g3 60. Re7+ Kd5 61. Rd7+ Kc6 62. Rd6+ Kb5 63. Rd4 Re3+ 64. Kf1
f3 65. Rd1 Re2 66. Rc1 Rf2+ 67. Ke1 Ra2 68. Rc5+ Kb6 69. Rc1 Rh2 70. Rb1+ Kc7
71. Rc1+ Kd7 72. Rc4 Rh1+ 73. Kd2 f2 74. Rd4+ Kc7 75. Rc4+ Kb6 76. Bc5+ Kb5 77.
Rxe4 f1=Q 78. Bd6 Qd1+ 79. Ke3 Re1+ 80. Kf4 Rxe4+ 81. Kg5 Qg4+ 82. Kh6 Re2 83.
Bxg3 Re6+ 84. Kh7 Qg6+ 85. Kh8 85... Re8# {Hossa checkmated} 0-1

[Event "ICS rated blitz match"]
[Site "204.178.125.65"]
[Date "1999.11.28"]
[Round "?"]
[White "inmichess"]
[Black "Hossa"]
[Result "1-0"]
[WhiteElo "2503"]
[BlackElo "2390"]
[PlyCount "201"]
[EventDate "1999.??.??"]

1. e4 e6 2. d4 d5 3. exd5 exd5 4. Bd3 c5 5. Qe2+ Be6 6. Nf3 Nf6 7. Ng5 cxd4 8.
Nxe6 fxe6 9. Qxe6+ Qe7 10. Bf5 Qxe6+ 11. Bxe6 Nbd7 12. O-O Nc5 13. Bf5 g6 14.
Bh3 Kf7 15. Rd1 Re8 16. Bf4 d3 17. Na3 dxc2 18. Nxc2 Re2 19. Rac1 Rg8 20. Be3
g5 21. g3 d4 22. Rxd4 Ne6 23. Bxe6+ Kxe6 24. Kf1 Rxc2 25. Rxc2 Bd6 26. h4 h6
27. Ke2 Be5 28. Ra4 a6 29. Rb4 Rg7 30. hxg5 hxg5 31. Rbc4 g4 32. a4 Rh7 33. f4
gxf3+ 34. Kxf3 Rh1 35. Bf4 Nd7 36. a5 Rd1 37. b4 Kd5 38. Be3 Re1 39. Bf2 Rf1
40. g4 Rb1 41. g5 Rb3+ 42. Kg2 Rb1 43. g6 Rb2 44. Rc1 Ke6 45. Rd1 Nf8 46. Rg4
Bg7 47. Rf1 Ra2 48. Kh3 Rd2 49. Kh4 Nd7 50. Rf4 Bf6+ 51. Kg4 Rd3 52. Re1+ Ne5+
53. Kh5 Rh3+ 54. Bh4 Bh8 55. Rf8 Kd7 56. Rd1+ Kc6 57. Rf5 Bg7 58. Rc1+ Kd6 59.
Rcf1 Rxh4+ 60. Kxh4 Nxg6+ 61. Kg5 Ne5 62. R5f4 Ke6 63. Rd1 Nc6 64. Re4+ Ne5 65.
Rde1 Kd5 66. Kf5 Nc6 67. Rh4 Bc3 68. Rb1 Nd4+ 69. Kf4 Bd2+ 70. Kg4 Kc4 71. Kh5
Kc3 72. Rd1 Nf5 73. Rh3+ Ne3 74. Rb1 Kc2 75. Rg1 Kc3 76. Rg4 Kd3 77. Kg6 Ke2
78. Re4 Kf2 79. Rh7 Kf3 80. Rd4 Bc3 81. Rdh4 Be1 82. Rf7+ Kg3 83. Re4 Ng2 84.
Rxb7 Kf3 85. Rbe7 Bd2 86. b5 Bxa5 87. bxa6 Bb6 88. Ra4 Kg3 89. a7 Bxa7 90.
Rexa7 Ne1 91. Ra3+ Kf2 92. Rf7+ Ke2 93. Re7+ Kd2 94. Ra2+ Kc3 95. Rxe1 Kb3 96.
Rea1 Kc3 97. Rb1 Kd3 98. Kf5 Kd4 99. Rc1 Ke3 100. Rd1 Kf3 101. Rd3# {
Hossa checkmated} 1-0

[Event "ICS rated blitz match"]
[Site "204.178.125.65"]
[Date "1999.11.28"]
[Round "?"]
[White "Hossa"]
[Black "Amateur"]
[Result "1-0"]
[WhiteElo "2379"]
[BlackElo "2389"]
[PlyCount "127"]
[EventDate "1999.??.??"]

1. e4 Nf6 2. e5 Nd5 3. c4 Nb6 4. d4 d6 5. exd6 exd6 6. Nf3 Bg4 7. Be2 Nc6 8. d5
Bxf3 9. Bxf3 Ne5 10. Be2 Be7 11. O-O O-O 12. Na3 Bf6 13. Re1 Ng6 14. Rb1 Be5
15. Be3 Re8 16. Qd2 Qh4 17. g3 Qe7 18. Qa5 f5 19. Qd2 f4 20. gxf4 Bf6 21. Bh5
Qd7 22. Qd1 Rf8 23. Bg4 Qd8 24. Qd3 Nh4 25. Re2 Nd7 26. Rbe1 Nc5 27. Qc2 Kh8
28. b4 Nd7 29. Nb1 a5 30. b5 Qe7 31. Nd2 Qf7 32. Be6 Qe7 33. Qa4 Qe8 34. Kf1
Qg6 35. Bh3 Nf5 36. Qa3 Qh5 37. Kg2 a4 38. Ne4 Nh4+ 39. Kg1 Nf3+ 40. Kg2 Nxe1+
41. Rxe1 Qe8 42. Be6 Be7 43. Kf1 Nf6 44. Ng3 Qg6 45. Kg1 Rfe8 46. b6 cxb6 47.
Bxb6 Qc2 48. Bf7 Rf8 49. Rxe7 Qb1+ 50. Kg2 Qxb6 51. Nf5 Ne8 52. Qc3 Nf6 53. Qg3
Rxf7 54. Rxf7 Nh5 55. Qg5 Rg8 56. Qxh5 Qb4 57. Rd7 Qd2 58. Nxd6 Qxf4 59. Nf7+
Qxf7 60. Qxf7 h6 61. Rxb7 Kh7 62. a3 Kh8 63. Qg6 h5 64. Qxh5# {
Amateur checkmated} 1-0

[Event "ICS rated blitz match"]
[Site "204.178.125.65"]
[Date "1999.11.28"]
[Round "?"]
[White "Sundancekid"]
[Black "Hossa"]
[Result "1-0"]
[WhiteElo "2533"]
[BlackElo "2395"]
[PlyCount "149"]
[EventDate "1999.??.??"]

1. d4 Nf6 2. Nf3 g6 3. Bg5 h6 4. Bxf6 exf6 5. e4 d6 6. Bd3 Bg7 7. O-O Nc6 8. c3
O-O 9. Nbd2 Re8 10. Re1 Bg4 11. h3 Be6 12. d5 Ne5 13. Nxe5 dxe5 14. dxe6 Qxd3
15. exf7+ Kxf7 16. Qb3+ Kf8 17. Rad1 Qa6 18. Nc4 Rad8 19. Ne3 c6 20. Nc4 b6 21.
Rd6 b5 22. Rxd8 Rxd8 23. Ne3 Rd2 24. Rd1 Rxd1+ 25. Qxd1 Qxa2 26. Qd8+ Kf7 27.
Qd7+ Kg8 28. Qxc6 Qa1+ 29. Kh2 Qxb2 30. f3 b4 31. Qc4+ Kh7 32. cxb4 Qd4 33.
Qxd4 exd4 34. Nd5 d3 35. Kg1 d2 36. Ne3 h5 37. Kf1 Bh6 38. Nd1 Bf8 39. b5 Bg7
40. Ke2 Bh6 41. Nb2 Kg7 42. Nc4 h4 43. Nxd2 Bxd2 44. Kxd2 Kf7 45. Kd3 g5 46.
Kc4 Ke6 47. Kc5 Ke5 48. Kc6 Kd4 49. Kd6 Ke3 50. Ke6 g4 51. fxg4 Kd4 52. Kxf6
Kxe4 53. g5 Kd3 54. g6 Kc4 55. g7 Kxb5 56. g8=Q Kb4 57. Qg4+ Kc3 58. Qxh4 a5
59. Qa4 Kd3 60. Qxa5 Ke4 61. Qf5+ Kd4 62. g4 Kc4 63. h4 Kd4 64. h5 Kc4 65. h6
Kd4 66. h7 Kc4 67. h8=Q Kb4 68. g5 Kc3 69. g6 Kb4 70. g7 Kc4 71. g8=Q+ Kd4 72.
Qgd5+ Kc3 73. Qhh3+ Kb2 74. Qdg2+ Kc1 75. Qff1# {Hossa checkmated} 1-0

[Event "ICS rated bullet match"]
[Site "204.178.125.65"]
[Date "1999.11.29"]
[Round "?"]
[White "Hossa"]
[Black "WhiteHorse"]
[Result "1-0"]
[WhiteElo "2508"]
[BlackElo "2393"]
[PlyCount "83"]
[EventDate "1999.??.??"]

1. e4 g6 2. d4 Bg7 3. Nc3 d6 4. Nf3 b6 5. Be3 Bb7 6. Bd3 Nd7 7. O-O e5 8. Bb5
a6 9. Bxd7+ Qxd7 10. dxe5 dxe5 11. Qxd7+ Kxd7 12. Rad1+ Ke7 13. Nd5+ Bxd5 14.
Rxd5 Rd8 15. c4 Rxd5 16. cxd5 h6 17. Rc1 Kd7 18. Bd2 g5 19. Bc3 f6 20. Bb4 Rh7
21. Rc6 g4 22. Nh4 h5 23. Nf5 Nh6 24. Nxg7 Rxg7 25. Rxf6 Nf7 26. Re6 h4 27. Be7
g3 28. Bf6 gxf2+ 29. Kxf2 Rh7 30. Re7+ Kc8 31. Ke3 h3 32. g3 Kb7 33. d6 Nxd6
34. Rxh7 Nc4+ 35. Ke2 Nxb2 36. Bxe5 Kc6 37. Rxc7+ Kb5 38. Bxb2 a5 39. e5 Ka4
40. e6 b5 41. e7 b4 42. e8=Q# {WhiteHorse checkmated} 1-0

[Event "ICS rated bullet match"]
[Site "204.178.125.65"]
[Date "1999.11.29"]
[Round "?"]
[White "WhiteHorse"]
[Black "Hossa"]
[Result "0-1"]
[WhiteElo "2382"]
[BlackElo "2519"]
[PlyCount "86"]
[EventDate "1999.??.??"]

1. d4 Nf6 2. e3 g6 3. f4 Bg7 4. Nf3 c5 5. Bd3 cxd4 6. exd4 Nc6 7. c3 d5 8. Nbd2
Nh5 9. Nb3 O-O 10. O-O Bg4 11. Qe2 Qd6 12. Qe3 e6 13. Ne5 Nf6 14. h3 Bf5 15.
Bd2 Ne4 16. Be1 Nf6 17. Nd2 Bxd3 18. Qxd3 Rac8 19. g4 Qc7 20. Bg3 Qe7 21. Kh2
Rc7 22. Rae1 Nd7 23. Nef3 Rcc8 24. f5 Nb6 25. Ne5 Nxe5 26. dxe5 Qc5 27. f6 Bh8
28. h4 Qa5 29. h5 Qxa2 30. hxg6 hxg6 31. Kg2 Qxb2 32. Rh1 Rxc3 33. Rxh8+ Kxh8
34. Rh1+ Kg8 35. Qe2 Rxg3+ 36. Kxg3 Nc4 37. Rh2 Nxd2 38. Qxd2 Qxe5+ 39. Kh3
Qxf6 40. Qh6 Rc8 41. Kg2 Rc2+ 42. Kg3 Qe5+ 43. Kh4 43... Rxh2# {
WhiteHorse checkmated} 0-1

[Event "ICS rated bullet match"]
[Site "204.178.125.65"]
[Date "1999.11.29"]
[Round "?"]
[White "Hossa"]
[Black "WhiteHorse"]
[Result "1-0"]
[WhiteElo "2529"]
[BlackElo "2372"]
[Annotator "Hiarcs 7.32 (11s)"]
[PlyCount "51"]
[EventDate "1999.??.??"]

1. e4 1... g6 {Opening = 4.Nf3 ---} 2. d4 Bg7 3. Nc3 d6 4. Nf3 b6 (4... c5 5.
dxc5 Qa5 6. cxd6 (6. Bd2 Qxc5 7. Be2 Nf6 8. Be3 Qa5 9. Qd2 O-O 10. O-O Nc6 11.
Bh6 Be6 12. Bxg7 Kxg7 13. Rfd1 Rac8 14. Nb5 Qxd2 15. Rxd2 Nxe4 16. Rdd1 Nb4 17.
Nxa7 Rxc2 18. a3 Rxe2 19. axb4 Rxb2 20. b5 20... Nxf2 {
Raczeck,A-Sacher,M/Osnabrueck 1994/0-1 (44)}) 6... Bxc3+ 7. bxc3 Nc6 8. Bd2
exd6 9. c4 Qa3 10. Rb1 Nge7 11. Rb3 Qxa2 12. Qc1 Qa6 13. Qb2 Bg4 14. c5 b5 15.
Bxb5 {1-0 Tseitlin,M-Danner,G/Budapest Elekes 1989/CBM 14 (15)}) 5. Be3 $146 (
5. Bc4 e6 6. Bg5 Ne7 7. Qd2 h6 8. Bf4 a6 9. a4 Nd7 10. Rd1 Bb7 11. O-O Nf6 12.
Bd3 g5 13. Bg3 Nh5 14. Qe2 Ng6 15. Bc4 Qe7 16. e5 Nhf4 17. Qe3 d5 18. Bd3 Nxd3
19. Rxd3 19... h5 {Kauschmann,H-Klibor,L/BL2-N 8384 1984/BIG 80/1-0 (44)}) 5...
a6 6. Bd3 Bb7 7. O-O 7... Nd7 {Schwarz hat Entwicklungsnachteil.} 8. Bg5 $14 (
8. Bc4 b5 9. Bxf7+ Kxf7 10. Ng5+ 10... Ke8 $14) 8... e6 $4 $18 {Befestigt d5} (
8... c5 $142 {war relativ besser} 9. Be3 9... Ngf6 $11) 9. Bxd8 {
Nun geraet Schwarz unter starken Druck.} 9... Kxd8 10. Ng5 Ne7 (10... Ke7 $18 {
der letzte Widerstandsversuch}) 11. Nxf7+ Kc8 12. Nxh8 Bxh8 13. Bc4 d5 14. exd5
14... exd5 {Die Oeffnung der e-Linie verschafft Weiss Drohungen} 15. Re1 Kb8
16. Rxe7 Ka7 17. Nxd5 Rd8 18. Nxc7 $1 {Boing!} 18... Nf6 19. Nxa6 Ne4 20. Nc7 (
20. Rxb7+ Kxb7 21. Qf3 Re8 22. Qf7+ Re7 23. Qxe7+ Ka8 24. Bd5#) 20... Kb8 21.
Ne6 Rc8 22. Rxb7+ $1 {huebsch} 22... Kxb7 23. Bd5+ Ka6 24. Qd3+ $1 {
ein laestiges Schach} 24... Ka7 25. Qa3+ Kb8 26. Qa8# 1-0

[Event "ICS rated bullet match"]
[Site "204.178.125.65"]
[Date "1999.11.29"]
[Round "?"]
[White "WhiteHorse"]
[Black "Hossa"]
[Result "0-1"]
[WhiteElo "2363"]
[BlackElo "2538"]
[PlyCount "92"]
[EventDate "1999.??.??"]

1. d4 Nf6 2. e3 g6 3. f4 Bg7 4. Nf3 c5 5. Be2 cxd4 6. exd4 O-O 7. c3 d5 8. O-O
Bg4 9. Bd3 Nc6 10. Nbd2 e6 11. h3 Bxf3 12. Rxf3 Qd6 13. Qe2 Rac8 14. Rf1 Rc7
15. Nf3 Nh5 16. Ne5 Ng3 17. Qf3 Nxf1 18. Bxf1 Ne7 19. Bd3 f6 20. Ng4 Rfc8 21.
Bd2 Qb6 22. Bc1 e5 23. fxe5 fxe5 24. Qg3 exd4 25. Kh2 dxc3 26. bxc3 Rxc3 27.
Bd2 Rxd3 28. Qxd3 Bxa1 29. Bf4 Bd4 30. Bg3 Bg1+ 31. Kh1 h5 32. Nf6+ Qxf6 33.
Kxg1 Rc3 34. Qf1 Qxf1+ 35. Kxf1 Rxg3 36. Kf2 Nf5 37. a4 h4 38. a5 a6 39. Kg1
Kf7 40. Kf2 Nd4 41. Kg1 Ke6 42. Kf2 Ke5 43. Kg1 Kf4 44. Kf2 Rd3 45. Kg1 Kg3 46.
Kf1 46... Rd1# {WhiteHorse checkmated} 0-1

[Event "ICS rated bullet match"]
[Site "204.178.125.65"]
[Date "1999.11.29"]
[Round "?"]
[White "Hossa"]
[Black "WhiteHorse"]
[Result "1-0"]
[WhiteElo "2547"]
[BlackElo "2354"]
[PlyCount "71"]
[EventDate "1999.??.??"]

1. e4 e6 2. d4 Ne7 3. Nf3 b6 4. Bd3 Bb7 5. O-O g6 6. c4 Bg7 7. Be3 d6 8. Nc3 h6
9. Bf4 Nd7 10. Qa4 O-O 11. Be2 Kh7 12. Rad1 a6 13. b4 Rg8 14. Qb3 f5 15. e5 d5
16. cxd5 Nxd5 17. Nxd5 Bxd5 18. Bc4 c6 19. Bxd5 cxd5 20. Rc1 Rc8 21. Rxc8 Qxc8
22. Rc1 Qb7 23. Ng5+ Kh8 24. Nxe6 g5 25. Rc7 Qb8 26. Rxd7 gxf4 27. Qxd5 Qe8 28.
Nxf4 b5 29. Re7 Qc8 30. Qc5 Qd8 31. Qa7 Kh7 32. Ne6 Kg6 33. Rxg7+ Rxg7 34.
Qxg7+ Kh5 35. Nf4+ Kh4 36. g3# {WhiteHorse checkmated} 1-0

[Event "ICS rated bullet match"]
[Site "204.178.125.65"]
[Date "1999.11.29"]
[Round "?"]
[White "WhiteHorse"]
[Black "Hossa"]
[Result "0-1"]
[WhiteElo "2346"]
[BlackElo "2555"]
[PlyCount "112"]
[EventDate "1999.??.??"]

1. c3 Nf6 2. e3 e5 3. d4 exd4 4. cxd4 Bb4+ 5. Bd2 Bxd2+ 6. Qxd2 O-O 7. Bd3 Re8
8. Nc3 d5 9. Nge2 Bg4 10. f3 Bh5 11. O-O Bg6 12. Nf4 Bxd3 13. Qxd3 Nc6 14. a3
Qd6 15. Rae1 Rad8 16. Nfe2 Rd7 17. Kh1 Rde7 18. Nc1 Re6 19. Nb3 Qe7 20. Nd1 Nd7
21. Nd2 Qd6 22. e4 dxe4 23. Rxe4 Nc5 24. Rxe6 Rxe6 25. Qc4 Qxd4 26. Qxd4 Nxd4
27. b4 Na4 28. Ne4 f5 29. Nc5 Nxc5 30. bxc5 Nb3 31. Nc3 Nxc5 32. Nd5 c6 33. Nf4
Re3 34. h3 Rxa3 35. Rd1 Re3 36. Kg1 g5 37. Nh5 Kf7 38. Kf2 f4 39. g3 Nd3+ 40.
Kg2 Kg6 41. g4 Kf7 42. Rd2 a5 43. h4 gxh4 44. Nxf4 Nxf4+ 45. Kh2 Ke6 46. Rf2 h6
47. g5 hxg5 48. Kg1 Nh3+ 49. Kh2 Nxf2 50. Kg2 Nd3 51. f4 h3+ 52. Kh2 g4 53. f5+
Kxf5 54. Kg1 Kf4 55. Kh1 Kg3 56. Kg1 56... Re1# {WhiteHorse checkmated} 0-1

[Event "ICS rated bullet match"]
[Site "204.178.125.65"]
[Date "1999.11.29"]
[Round "?"]
[White "Hossa"]
[Black "WhiteHorse"]
[Result "1-0"]
[WhiteElo "2562"]
[BlackElo "2339"]
[PlyCount "31"]
[EventDate "1999.??.??"]

1. e4 g6 2. d4 Bg7 3. Nc3 d6 4. Nf3 b6 5. Be3 Bb7 6. Bd3 Nd7 7. O-O e5 8. Bb5
Ngf6 9. dxe5 dxe5 10. Nxe5 Qe7 11. Bd4 O-O-O 12. Nxd7 Rhg8 13. Bxf6 Bxf6 14.
Nd5 Bxd5 15. Qxd5 Rxd7 16. Qa8# {WhiteHorse checkmated} 1-0

[Event "ICS rated bullet match"]
[Site "204.178.125.65"]
[Date "1999.11.29"]
[Round "?"]
[White "Hossa"]
[Black "WhiteHorse"]
[Result "1-0"]
[WhiteElo "2569"]
[BlackElo "2346"]
[PlyCount "107"]
[EventDate "1999.??.??"]

1. e4 d6 2. d4 b6 3. f3 Bb7 4. Nc3 Nd7 5. Bd3 g6 6. Nge2 Bg7 7. O-O e5 8. d5
Ne7 9. f4 f5 10. fxe5 dxe5 11. exf5 gxf5 12. Bxf5 Nxf5 13. Rxf5 Qe7 14. Kh1
O-O-O 15. Nb5 Kb8 16. Bg5 Nf6 17. c4 h6 18. Bh4 a6 19. Nbc3 Rdf8 20. Ne4 Qd7
21. Rxf6 Bxf6 22. Bxf6 Rhg8 23. Bxe5 Qf5 24. Qd4 Ka7 25. Bxc7 Rg6 26. Nd6 Rxd6
27. Bxd6 Rg8 28. Bc7 Qg6 29. Nf4 Qf7 30. Qxb6+ Ka8 31. Re1 Rc8 32. Ne6 h5 33.
b3 h4 34. Kg1 h3 35. Rf1 Qh7 36. g3 Qe4 37. Qxb7+ Kxb7 38. Nc5+ Kxc7 39. Nxe4
Kb6 40. c5+ Ka5 41. Nd6 Rd8 42. Nb7+ Kb4 43. Rf4+ Ka3 44. Ra4+ Kb2 45. Nxd8 Kc3
46. Rc4+ Kb2 47. Kf2 Ka3 48. Ke3 Kb2 49. Kd3 a5 50. Ra4 Kb1 51. Kc3 Kc1 52. Rf4
Kd1 53. Re4 Kc1 54. Re1# {WhiteHorse checkmated} 1-0

[Event "ICS rated bullet match"]
[Site "204.178.125.65"]
[Date "1999.11.29"]
[Round "?"]
[White "WhiteHorse"]
[Black "Hossa"]
[Result "0-1"]
[WhiteElo "2339"]
[BlackElo "2576"]
[PlyCount "82"]
[EventDate "1999.??.??"]

1. d4 Nf6 2. e3 g6 3. g3 Bg7 4. Bg2 d6 5. Ne2 O-O 6. c3 Re8 7. O-O e5 8. Nd2 d5
9. b3 Bf5 10. Bb2 Nbd7 11. h3 c6 12. Kh2 Qe7 13. Nf3 Ne4 14. Nd2 Nxd2 15. Qxd2
Rad8 16. Rad1 f6 17. Rc1 Be4 18. f3 Bf5 19. Rfe1 c5 20. Ba3 Bh6 21. f4 e4 22.
c4 dxc4 23. bxc4 Qd6 24. d5 Qa6 25. Rc3 Nb6 26. Qc2 Nxc4 27. Rxc4 Qxa3 28. g4
Bd7 29. Rxc5 Qxe3 30. Rf1 Ba4 31. Qb2 Qxc5 32. Kh1 Qb5 33. Qxb5 Bxb5 34. Re1
Bxe2 35. Rxe2 Rxd5 36. g5 Rd1+ 37. Kh2 fxg5 38. f5 gxf5 39. Kg3 Bg7 40. h4 Be5+
41. Kh3 41... g4# {WhiteHorse checkmated} 0-1

[Event "ICS rated bullet match"]
[Site "204.178.125.65"]
[Date "1999.11.29"]
[Round "?"]
[White "Hossa"]
[Black "WhiteHorse"]
[Result "1-0"]
[WhiteElo "2583"]
[BlackElo "2332"]
[PlyCount "115"]
[EventDate "1999.??.??"]

1. e4 g6 2. d4 Bg7 3. Nc3 d6 4. Nf3 e6 5. Bb5+ Bd7 6. O-O Ne7 7. Bf4 O-O 8. Be2
f5 9. e5 d5 10. Qd2 Kh8 11. Bh6 Ng8 12. Bxg7+ Kxg7 13. Rfe1 h6 14. Bd3 g5 15.
Qe3 Qe7 16. Rac1 Kh8 17. Rcd1 Rf7 18. a3 Nc6 19. Nb5 Be8 20. Rf1 a6 21. Nc3 Rh7
22. Rde1 Rg7 23. Be2 Bg6 24. Rd1 Rf8 25. Ra1 f4 26. Qd2 g4 27. Ne1 f3 28. Bd1
Qh4 29. Qe3 Nge7 30. Qd2 Nf5 31. Qf4 Rgf7 32. gxf3 h5 33. fxg4 hxg4 34. Ng2 Qh7
35. Qxg4 Rg7 36. Ne2 Bh5 37. Qh3 Nh4 38. Qxh4 Bxe2 39. Qxh7+ Kxh7 40. Bxe2 Nxd4
41. Bd3+ Kh6 42. f4 Rg4 43. Kh1 Rfg8 44. Ne3 Rh4 45. c3 Nf5 46. Nxf5+ exf5 47.
Bxf5 Rf8 48. Be6 d4 49. cxd4 Re8 50. d5 c5 51. Bf7 Re7 52. Bg8 Rf7 53. Bxf7 Rg4
54. f5 Kg7 55. Be6 Kf8 56. d6 Rh4 57. Rg1 Ke8 58. Rg8# {WhiteHorse checkmated}
1-0

[Event "ICS rated bullet match"]
[Site "204.178.125.65"]
[Date "1999.11.29"]
[Round "?"]
[White "WhiteHorse"]
[Black "Hossa"]
[Result "0-1"]
[WhiteElo "2326"]
[BlackElo "2589"]
[PlyCount "106"]
[EventDate "1999.??.??"]

1. c3 c6 2. a3 d5 3. d4 Nf6 4. e3 Bf5 5. f4 e6 6. Nf3 Bd6 7. Bd3 O-O 8. Qe2
Bxd3 9. Qxd3 c5 10. Nbd2 Nc6 11. O-O cxd4 12. cxd4 Rc8 13. Ne5 Qa5 14. Rb1 Qa4
15. h3 Qa5 16. g4 Qd8 17. Kh1 Ne7 18. Rg1 Qc7 19. g5 Nd7 20. h4 Nf5 21. h5 f6
22. gxf6 Nxf6 23. h6 Nxh6 24. Ndf3 Nf7 25. Bd2 Ne4 26. Rbc1 Nf2+ 27. Kh2 Nxd3
28. Rxc7 Ndxe5 29. fxe5 Bxc7 30. Kg3 a5 31. Rh1 b5 32. Kg4 Nh6+ 33. Kg3 Nf5+
34. Kg4 g6 35. Ng5 h5+ 36. Kh3 Ng7 37. Kg3 Bd8 38. Nh3 Nf5+ 39. Kh2 Rc2 40. Rg1
Rxd2+ 41. Rg2 Rxg2+ 42. Kxg2 Nxe3+ 43. Kg3 Nf5+ 44. Kg2 Nxd4 45. Ng1 g5 46. Kg3
h4+ 47. Kg2 g4 48. Kh2 Bc7 49. Kg2 a4 50. Ne2 Nxe2 51. Kh2 Rf2+ 52. Kh1 Bxe5
53. b4 53... Rh2# {WhiteHorse checkmated} 0-1

[Event "ICS rated bullet match"]
[Site "204.178.125.65"]
[Date "1999.11.29"]
[Round "?"]
[White "Hossa"]
[Black "WhiteHorse"]
[Result "1-0"]
[WhiteElo "2575"]
[BlackElo "2340"]
[PlyCount "71"]
[EventDate "1999.??.??"]

1. e4 c6 2. Nc3 b6 3. Nf3 a6 4. d4 Bb7 5. Bd3 h6 6. O-O g6 7. Be3 Bg7 8. Qd2 e6
9. Rae1 Ne7 10. Rd1 d6 11. Ne2 Nd7 12. Rfe1 Qc7 13. c4 Kd8 14. c5 d5 15. Bf4
Qc8 16. cxb6 Ke8 17. Bd6 Kf8 18. exd5 cxd5 19. Rc1 Qe8 20. Rc7 Rb8 21. Rxd7
Qxd7 22. Bxb8 Kg8 23. Rc1 Kh7 24. Rc7 Qc8 25. Rxc8 Rxc8 26. Bc7 a5 27. Qxa5 h5
28. Qa7 Bc6 29. Ng5+ Kh6 30. Nxf7+ Kh7 31. Bd8 Ng8 32. b7 Bxb7 33. Qxb7 Rxd8
34. Nxd8 Kh6 35. Qf7 Nf6 36. Qxg6# {WhiteHorse checkmated} 1-0

[Event "ICS rated bullet match"]
[Site "204.178.125.65"]
[Date "1999.11.29"]
[Round "?"]
[White "WhiteHorse"]
[Black "Hossa"]
[Result "0-1"]
[WhiteElo "2333"]
[BlackElo "2582"]
[PlyCount "122"]
[EventDate "1999.??.??"]

1. a3 d5 2. h3 e5 3. g3 Nc6 4. Bg2 Nf6 5. d3 Bc5 6. e3 O-O 7. Ne2 Qe7 8. b3 Be6
9. Bb2 Bb6 10. Nd2 Rad8 11. O-O Qd7 12. Kh2 Bf5 13. Ng1 Qe6 14. Qe2 Bc5 15.
Rab1 Bg6 16. Qe1 Nh5 17. Ne2 a5 18. e4 Nf6 19. f3 Be3 20. Bc1 Qd6 21. Rh1 Bxd2
22. Qxd2 dxe4 23. fxe4 Bxe4 24. Rg1 Bxg2 25. Rxg2 Rfe8 26. Qe3 e4 27. d4 Nxd4
28. Nxd4 Qxd4 29. Qxd4 Rxd4 30. Bb2 Rd6 31. Rf1 Nd5 32. Re1 f5 33. Rge2 h5 34.
Bc1 Red8 35. Kg2 Nc3 36. Re3 Na2 37. Bb2 Rd1 38. h4 Rxe1 39. Rxe1 Rd2+ 40. Kh3
Rxc2 41. Be5 Nc1 42. Bf4 Nxb3 43. Rd1 c6 44. Rd8+ Kh7 45. Rd7 Nc5 46. Re7 Rc3
47. Be5 Rxa3 48. Rxg7+ Kh6 49. Rg5 Rf3 50. Bg7+ Kh7 51. Be5 b5 52. Rxh5+ Kg6
53. Rg5+ Kf7 54. h5 Nd3 55. Bd6 c5 56. h6 Rf1 57. Kg2 Rf2+ 58. Kh3 Rd2 59. h7
Nf2+ 60. Kg2 Ng4+ 61. Kh3 61... Rh2# {WhiteHorse checkmated} 0-1

[Event "ICS rated bullet match"]
[Site "204.178.125.65"]
[Date "1999.11.29"]
[Round "?"]
[White "Hossa"]
[Black "WhiteHorse"]
[Result "1-0"]
[WhiteElo "2588"]
[BlackElo "2327"]
[PlyCount "35"]
[EventDate "1999.??.??"]

1. e4 f6 2. d4 g6 3. Nf3 h6 4. Nh4 Kf7 5. Qg4 e6 6. Qxg6+ Ke7 7. Qg4 Kf7 8.
Qh5+ Ke7 9. Ng6+ Kf7 10. Nxh8+ Ke7 11. Qg6 Kd6 12. Nf7+ Kc6 13. Nxd8+ Kb6 14.
Qxg8 a6 15. Qxf8 Ka7 16. Qc5+ b6 17. Qxc7+ Bb7 18. Qxb7# {WhiteHorse checkmated
} 1-0

[Event "ICS rated bullet match"]
[Site "204.178.125.65"]
[Date "1999.11.29"]
[Round "?"]
[White "WhiteHorse"]
[Black "Hossa"]
[Result "0-1"]
[WhiteElo "2321"]
[BlackElo "2594"]
[PlyCount "118"]
[EventDate "1999.??.??"]

1. c3 c6 2. a3 d5 3. e3 e5 4. d4 Nd7 5. g3 Ngf6 6. Bg2 Bd6 7. Ne2 O-O 8. Qc2 b6
9. Nd2 Ba6 10. Nb3 c5 11. Bd2 Re8 12. h3 cxd4 13. cxd4 Bxe2 14. Kxe2 Rc8 15.
Qd3 exd4 16. Nxd4 Ne5 17. Qb3 Nc4 18. Rac1 Be5 19. Bc3 Ne4 20. Rhd1 Nc5 21. Qa2
Na4 22. Kf1 Bxg3 23. fxg3 Nxe3+ 24. Kg1 Nxd1 25. Rxd1 Rxc3 26. bxc3 Nxc3 27.
Qd2 Nxd1 28. Qxd1 Re3 29. Kh2 Rxa3 30. Qg4 Rc3 31. Nf5 Qf6 32. Qf4 Rc8 33. g4
Re8 34. Kg3 Qe5 35. Qxe5 Rxe5 36. Kf4 f6 37. Nd6 a5 38. Nb5 Kf8 39. Nc3 g5+ 40.
Kf3 Ke7 41. Kf2 Ke6 42. Ne2 Kd6 43. Nd4 Kc5 44. Nc2 d4 45. Bf1 b5 46. Ne1 Re4
47. Nd3+ Kb6 48. Nc1 Re3 49. Nd3 Re7 50. Ne1 a4 51. Nd3 Ka5 52. Nb2 Re6 53. Nd1
a3 54. Bd3 a2 55. Nb2 a1=Q 56. Nc4+ bxc4 57. Bxc4 Qe1+ 58. Kg2 Qd2+ 59. Kf3
59... Re3# {WhiteHorse checkmated} 0-1

[Event "ICS rated blitz match"]
[Site "204.178.125.65"]
[Date "1999.11.29"]
[Round "?"]
[White "Hossa"]
[Black "WWWebbyTWeasel"]
[Result "1-0"]
[WhiteElo "2385"]
[BlackElo "2268"]
[PlyCount "31"]
[EventDate "1999.??.??"]

1. e4 e5 2. Nf3 Nc6 3. Bb5 f5 4. Nc3 Nd4 5. exf5 c6 6. Bd3 Nf6 7. O-O d5 8.
Nxe5 Bxf5 9. Re1 Be7 10. Ne2 Bxd3 11. Nxd4 Bg6 12. Ne6 Qd6 13. d3 Bf7 14. Nxg7+
Kf8 15. Nxf7 Kxf7 16. Nf5 {WWWebbyTWeasel resigns} 1-0

[Event "ICS rated blitz match"]
[Site "204.178.125.65"]
[Date "1999.11.29"]
[Round "?"]
[White "Hossa"]
[Black "SluMan"]
[Result "1-0"]
[WhiteElo "2396"]
[BlackElo "2140"]
[PlyCount "40"]
[EventDate "1999.??.??"]

1. e4 e6 2. d4 d5 3. Nc3 c5 4. exd5 cxd4 5. Qxd4 Nf6 6. Bb5+ Bd7 7. dxe6 fxe6
8. Bf4 Nc6 9. Qe3 Be7 10. Rd1 O-O 11. Nf3 a6 12. Bc4 Qc8 13. O-O Kh8 14. Qd2 b5
15. Bg5 bxc4 16. Bxf6 Bxf6 17. Qxd7 Bxc3 18. bxc3 Rd8 19. Qxc8 Raxc8 20. Ng5
20... e5 {SluMan resigns} 1-0

[Event "ICS rated blitz match"]
[Site "204.178.125.65"]
[Date "1999.11.29"]
[Round "?"]
[White "Amateur"]
[Black "Hossa"]
[Result "1-0"]
[WhiteElo "2376"]
[BlackElo "2402"]
[PlyCount "115"]
[EventDate "1999.??.??"]

1. e4 e6 2. d4 d5 3. Nc3 Nf6 4. Bg5 Be7 5. e5 Nfd7 6. Be3 a6 7. Qg4 Kf8 8. Nf3
c5 9. dxc5 Nc6 10. Qh5 Qc7 11. Bf4 Bxc5 12. Bd3 Qb6 13. Nd1 Kg8 14. O-O Rb8 15.
c3 Be7 16. b3 Qc7 17. Re1 Ba3 18. Rb1 Be7 19. Rc1 Ba3 20. Rc2 Nc5 21. Be2 Ne4
22. Ne3 Qa5 23. b4 Qc7 24. Rd1 Bd7 25. Ng5 Nxg5 26. Qxg5 Rc8 27. Nxd5 exd5 28.
e6 h6 29. Qg3 Qd8 30. exd7 Qxd7 31. Rcd2 Ne7 32. Bg4 f5 33. Bf3 Rd8 34. Re2 Rh7
35. Rde1 g6 36. Bxh6 Rxh6 37. Rxe7 Qd6 38. R7e5 Kg7 39. Qg5 Rd7 40. h3 Rf7 41.
Re6 Qd7 42. Re7 Bc1 43. Rxf7+ Qxf7 44. Qxc1 Rh8 45. Re5 Rd8 46. Qd2 Rd7 47.
Rxd5 Re7 48. Rd8 Kh7 49. Bxb7 Qf6 50. Bxa6 Qxa6 51. Qd4 Re1+ 52. Kh2 g5 53.
Qd7+ Kh6 54. Rh8+ Kg6 55. Rg8+ Kf6 56. Rf8+ Kg6 57. Qf7+ Kh6 58. Rh8# {
Hossa checkmated} 1-0